Регионална библиотека "Любен Каравелов" - Русе

Големите офшорни афери (Запис номер 323395)

MARC детайли
000 -Лидер
Контролно поле с фиксирана дължина 01340aam a2200313 a 4500
003 - Код на организацията, давaща контролен номер
Контролно поле BLK
005 - Дата и час на последна редакция
Контролно поле 20230628005122.0
008 - Елементи от данни с фиксирана дължина
fixed length control field 180720b bul||||| |||| 00| 0 bul d
020 ## - Международен стандартен номер на книга ISBN
Международен стандартен номер на книга ISBN 978-954-9913-65-1
040 ## - Източник на каталожния запис
Идентификатор на билиотеката - собственик на записа BLK
041 ## - Код за език
Код за езика на текст/звукозапис или на отделно заглавие Български
Код за езика КДБФ Български
080 ## - УДК
Текстов определител УДК Видове данъци. Свободни от данъци зони. Офшорни зони
УДК код - определител по УДК 336.21/.26
УДК - код + определител 336.21/.26.000.34
080 ## - УДК
Текстов определител УДК Външнотърговски отношения - Внос. Износ. Търговски връзки между отделни страни
УДК код - определител по УДК 339.56
100 ## - Редна дума - Автор
Автор Бърнстийн, Джейк
Авторска отговорност първи автор
R(LIN) 1299
139 ## - Редно поле
Редна дума Бърнстийн, Джейк
Авторски знак Бър - Б 93
245 ## - Сведения за заглавието
Заглавие Големите офшорни афери
Подзаглавни данни Досиетата "Панама"
Редно поле (дума) Джейк Бърнстейн
260 ## - Област на издателските данни
Име на издателя, разпространителя и проч. НСМ Медиа
Година на издаване 2018
Място на издаване, разпространение и проч. София
300 ## - Физическа характеристика
Страници 264 с.
Размери/Мащаб 21 см
380 ## - Жанр
Жанр Обществени науки
650 #0 - Допълнително описание по предмет – тема
9 (RLIN) 244527
Основно описание – тема или топоним Международни валутно-финансови отношения
653 #7 - Ключова дума – ненормативна
9 (RLIN) 193156
Ключова дума офшорни компании
653 #7 - Ключова дума – ненормативна
9 (RLIN) 184602
Ключова дума данъчни нарушения
700 ## - Други автори (авторска отговорност)
Лично име Зарков, Владимир Владимиров
Дати, свързани с автора 1961-
9 (RLIN) 365578
852 ## - Местоположение
Систематично-азбучна сигнатура П 336/Б 93
999 ## - СИСТЕМНИ КОНТРОЛНИ НОМЕРА
Koha biblionumber 323395
Koha biblioitemnumber 323395
942 ## - АРТИКУЛИ
Вид на библиотечния материал Книги
Източник на класификационната схема Universal Decimal Classification
Скрит в OPAC Не
Koha issues (borrowed), all copies 7
999 ## - СИСТЕМНИ КОНТРОЛНИ НОМЕРА
Koha biblioitemnumber 323395
999 ## - СИСТЕМНИ КОНТРОЛНИ НОМЕРА
Koha biblioitemnumber 323395
999 ## - СИСТЕМНИ КОНТРОЛНИ НОМЕРА
Koha biblioitemnumber 323395
Наличности
Код за отписване Код за изгубен артикул Източник на класификационната схема Код за повреда Код за отдаване Артикулен № Име на библиотеката - собственик Име на библиотеката, в която се намира в момента Статус (Текущо местоположение) Дата на вписване в системата Местоположение - отдел Цена в лева Инвентарен номер Систематично азбучна сигнатура Баркод Цена в евро Служебен тип на артикула
  Не е изгубен Universal Decimal Classification Не е повреден заемане за дома 678265 Регионална библиотека "Любен Каравелов" Русе Регионална библиотека "Любен Каравелов" Русе Заемна - подръчен фонд 2018-07-06 Заемна - подръчен фонд 12.76 120000821822 П 336/Б 93 120000821822 6.52 Книги
Vip Innovations Ltd, Rousse, Bulgaria 2025